Click African Great Lakes Countries On An Empty Map - Statistics

General Stats
  • This quiz has been taken 44 times
  • The average score is 9 of 10
Answers on the Map
Answers color-coded by a green-red scale on the quiz's map according to % correct below.
 
Answer Stats
Answer % Correct
Mozambique
97%
D.R. Congo
94%
Kenya
94%
Malawi
94%
Ethiopia
91%
Burundi
88%
Uganda
85%
Tanzania
82%
Zambia
82%
Rwanda
79%
No matching quizzes found
Score Distribution
Percent of People with Each Score
Percentile by Number Answered
Your Score History
You have not taken this quiz